Ozveny Samošky

Čo priniesol 4. ročník kongresu Samošky - Košice 2014. Hlavné témy, názory účastníkov.

Gespeichert in:
Bibliographische Detailangaben
Format: Buchkapitel
Sprache:Slowakisch
Schlagworte:
Tags: Tag hinzufügen
Keine Tags, Fügen Sie das erste Tag hinzu!

MARC

LEADER 00000naa a2200000 4500
001 0186712
005 20231011070038.2
041 0 |a slo 
044 |a SK 
245 1 0 |a Ozveny Samošky 
520 |a Čo priniesol 4. ročník kongresu Samošky - Košice 2014. Hlavné témy, názory účastníkov. 
610 2 0 |a obchod 
610 2 0 |a kongresy 
610 2 0 |a Slovensko